Eduard Timko. Fotografie

Bibliographic Details
Main Author: Zajíček, Štefan, 1949- (Author, Curator)
Format: Book
Language:Slovak
PhysicalDescription:[12] s. fotogr. 21 cm
Published: Skalica Záhorské múzeum 2005
ISBN:8085446529 (brož.)
Edition:[1. vyd.]
Subjects:

MARC

LEADER 00000nam a22000005a 4500
001 vtls008301912
003 SK-MaSNL
005 20260331204501.0
008 051010s2005 xo o g 000 0bslo
015 |a SNBE2007/01-00112 
020 |a 8085446529 (brož.) 
040 |a SNK  |b slo  |c SNK  |e AACR2 
041 0 |a slo 
043 |a e-xo--- 
044 |a xo  |c SK 
072 7 |a 77  |x Fotografia. Fotografické postupy  |2 konspekt 
080 |a (437.6)  |2 2001 
080 |a (083.824)  |2 2001 
080 |a 77.04  |2 2001 
100 1 |a Timko, Eduard,  |d 1969-  |4 art  |9 114400 
245 1 0 |a Eduard Timko. Fotografie  |c kurátor výstavy a autor textov: Štefan Zajíček 
250 |a [1. vyd.] 
260 |a Skalica  |b Záhorské múzeum  |c 2005 
300 |a [12] s.  |b fotogr.  |c 21 cm 
504 |a Biogr. údaje 
600 1 7 |a Timko, Eduard,  |d 1969-  |2 SNKMA  |9 114400 
648 7 |a 20.-21. stor.  |2 SNKPH  |9 270701 
650 0 7 |a umelecká fotografia  |2 SNKPH  |9 29370 
651 7 |a Slovensko  |2 SNKPH  |9 14231 
655 7 |a katalógy výstav  |2 SNKPH  |9 70445 
700 1 |a Zajíček, Štefan,  |d 1949-  |4 cur  |4 aut  |9 98488 
710 2 |a Záhorské múzeum Skalica  |4 orm  |9 242694 
919 |a 80-85446-52-9 
999 |c 562201  |d 564131 
952 |a SNK  |b SNK  |y PREZ  |7 0  |p 17A0485366  |o snkOSB 14413  |i snk2005/16709  |8 0  |0 0  |1 0  |4 0  |d 2005-10-10  |l 0  |r 2026-02-23 13:46:28  |w 2026-02-23 
952 |a SNK  |b SNK  |y VYP  |7 0  |p 17A0485374  |o snkOSB 14413 D1  |i snk2005/16710  |8 0  |0 0  |1 0  |4 0  |d 2005-10-10  |l 0  |r 2026-02-23 13:46:29  |w 2026-02-23